|
|
|
|
| LEADER |
01246nam a22001937a 4500 |
| 008 |
160305b xxu||||| |||| 00| 0 eng d |
| 999 |
|
|
|c 14179
|d 14179
|
| 082 |
|
|
|a 307.772
|b BIJ
|
| 100 |
|
|
|a ബിജു, കെ. കെ.
|
| 240 |
|
|
|a Adivasi swayam bharanthil ninnu desarashtra pourathwathilekku
|
| 245 |
|
|
|a ആദിവാസി സ്വയംഭരണത്തില് നിന്ന് ദേശരാഷ്ട്ര പൌരത്വത്തിലേക്ക് /
|c കെ. കെ. ബിജു
|
| 250 |
|
|
|a 1st ed.
|
| 260 |
|
|
|a കോഴിക്കോട് :
|b വിദ്യാര്ത്ഥി പബ്ലിക്കേഷന്സ്,
|c 2012.
|
| 300 |
|
|
|a 259p.
|
| 700 |
|
|
|a Biju, K. K.
|
| 942 |
|
|
|2 ddc
|c BK
|
| 952 |
|
|
|0 0
|1 3
|2 ddc
|4 0
|6 307_772000000000000_BIJ
|7 0
|9 20249
|a MAIN
|b MAIN
|d 2016-03-05
|e Vidyarthi Publications
|g 200.00
|l 9
|m 1
|o 307.772 BIJ
|p 18990
|r 2018-06-27
|s 2018-05-09
|t 1
|w 2016-03-05
|y BK
|x Lost by Akhila K. paid Rs. 200/- (Receipt no. 9037 Date : 27/06/18)
|
| 952 |
|
|
|0 0
|1 0
|2 ddc
|4 0
|6 307_772000000000000_BIJ
|7 0
|9 26060
|a MAIN
|b MAIN
|d 2017-05-31
|e Kairali Books
|g 200.00
|l 1
|o 307.772 BIJ
|p 27006
|r 2019-02-11
|s 2019-02-04
|t 2
|w 2017-05-31
|y BK
|
| 952 |
|
|
|0 0
|1 0
|2 ddc
|4 0
|7 -1
|9 38341
|a MAIN
|b MAIN
|d 2019-12-10
|r 2019-12-10
|w 2019-12-10
|y BK
|